Statistics for Things that are Gray

Click here to take the quiz!

General Stats

  • This quiz has been taken 35,207 times
    (8,753 since last reset)
  • The average score is 10 of 18

Answer Stats

Clue Answer % Correct
Fast breed of dogGreyhound
97%
What your brain is made ofGray Matter
91%
Tea variety named after a noblemanEarl Grey
89%
... are gonna clear up,
so put on a happy face
Gray Skies
75%
Its scientific name is Canis lupusGray Wolf
74%
Vodka brandGrey Goose
70%
Printer mode for when you're
out of color ink
Grayscale
62%
Most famous of medical textbooksGray's Anatomy
60%
He doesn't age, but his
portrait does
Dorian Gray
52%
He started out grey but came
back white after battling the Balrog
Gandalf the
Grey
51%
Queen of England for nine daysJane Grey
50%
She danced dirty with
Patrick Swayze
Jennifer Grey
48%
He-Man's castleGrayskull
42%
In morality, there
is no black and white only...
Shades of Gray
38%
Canadian Football championshipGrey Cup
33%
Very intelligent bird speciesAfrican Grey Parrot
28%
Semi-legal commercial activityGrey Market
28%
She ain't what she used to be,
ain't what she used to be
Old Gray Mare
28%

Score Distribution

Percentile by Number Answered

Percent of People with Each Score

Your Score History

You have not taken this quiz since the last reset